000 00620nam a2200193 4500
003 LK-CoMWRAF
005 20240217003005.0
008 231209b |||||||| |||| 00| 0 eng d
020 _a9789556250527
040 _aLK-CoMWRAF
_dLK-CoMWRAF
_eLK-CoMWRAF
041 _atam
082 _a297.5
_bPEN
100 _aபட்லிஷா, நிக் நோரியானி
110 _aமசிதி, யாஸ்மின்
245 _aபெண்கள் நீதிபதிகளாக
260 _aColombo :
_bMuslim Women's Research and Action Forum - MWRAF,
_c2016
300 _a52 p.
942 _cBK
999 _c4322
_d4322